| 000 | 00858cam a2200241 a 4500 | ||
|---|---|---|---|
| 001 | 000011642 | ||
| 005 | 20200929162519.0 | ||
| 008 | 750731s1969 ve b 001 0 spa | ||
| 035 | _a(DLC) 70228594 | ||
| 035 | _a(OCoLC)1495392 | ||
| 040 |
_aDO-SdBNP _cOU _dNSyU _dBNPHU |
||
| 082 |
_a665.5387 _bM632p |
||
| 100 | 1 |
_aMieres, Francisco. _927572 |
|
| 245 | 1 | 3 |
_aEl petróleo y la problemática estructural venezolana / _cFrancisco Mieres. |
| 260 |
_aCaracas, (Venezuela) : _bInstituto de Investigaciones : _bFacultad de Ciencias Económicas y Sociales : _bUniversidad Central de Venezuela, _c1969. |
||
| 300 |
_a402, [403] p. : _bil. ; _c22 cm. |
||
| 490 | 1 | _aEsquema | |
| 504 | _aBibliographical footnotes. | ||
| 650 | 4 |
_aIndustria del petróleo _zVenezuela _927488 |
|
| 830 | 0 |
_aEsquema. _95401 |
|
| 910 | _aCatalogación por copia / LC | ||
| 049 | _aBNGR | ||
| 999 |
_c11333 _d11333 |
||